Income Inequality and Fiscal Policy (2nd Edition) /

This note will describe recent trends in income inequality in both advanced and developing economies and how tax and expenditure policies have impacted on these trends. It will discuss how tax and expenditure policies should be designed to bring about a more equitable distribution of income, as well...

Descrizione completa

Dettagli Bibliografici
Autore principale: Bastagli, Francesca
Altri autori: Coady, David, Gupta, Sanjeev
Natura: Periodico
Lingua:English
Pubblicazione: Washington, D.C. : International Monetary Fund, 2012.
Serie:Staff Discussion Notes; Staff Discussion Notes ; No. 2012/009
Accesso online:Full text available on IMF
LEADER 01529cas a2200265 a 4500
001 AALejournalIMF013115
008 230101c9999 xx r poo 0 0eng d
020 |c 5.00 USD 
020 |z 9781475510850 
022 |a 2617-6750 
040 |a BD-DhAAL  |c BD-DhAAL 
100 1 |a Bastagli, Francesca. 
245 1 0 |a Income Inequality and Fiscal Policy (2nd Edition) /  |c Francesca Bastagli, David Coady, Sanjeev Gupta. 
264 1 |a Washington, D.C. :  |b International Monetary Fund,  |c 2012. 
300 |a 1 online resource (37 pages) 
490 1 |a Staff Discussion Notes 
500 |a <strong>Off-Campus Access:</strong> No User ID or Password Required 
500 |a <strong>On-Campus Access:</strong> No User ID or Password Required 
506 |a Electronic access restricted to authorized BRAC University faculty, staff and students 
520 3 |a This note will describe recent trends in income inequality in both advanced and developing economies and how tax and expenditure policies have impacted on these trends. It will discuss how tax and expenditure policies should be designed to bring about a more equitable distribution of income, as well as to protect the most vulnerable populations during periods of fiscal consolidation. 
538 |a Mode of access: Internet 
700 1 |a Coady, David. 
700 1 |a Gupta, Sanjeev. 
830 0 |a Staff Discussion Notes; Staff Discussion Notes ;  |v No. 2012/009 
856 4 0 |z Full text available on IMF  |u http://elibrary.imf.org/view/journals/006/2012/009/006.2012.issue-009-en.xml  |z IMF e-Library